Kitāb al-muḥabbar, (Record no. 51115)

MARC details
000 -LEADER
fixed length control field 01138cam a22003011 4500
001 - CONTROL NUMBER
control field ne 68004674
003 - CONTROL NUMBER IDENTIFIER
control field DLC
005 - DATE AND TIME OF LATEST TRANSACTION
control field 20260227111851.0
008 - FIXED-LENGTH DATA ELEMENTS--GENERAL INFORMATION
fixed length control field 901127q19601968le h b 000 0darar
010 ## - LIBRARY OF CONGRESS CONTROL NUMBER
LC control number ne 68004674
025 ## - OVERSEAS ACQUISITION NUMBER
Overseas acquisition number PL480:UAR-8967
035 ## - SYSTEM CONTROL NUMBER
System control number (OCoLC)22742763
040 ## - CATALOGING SOURCE
Original cataloging agency DLC
Transcribing agency WaU
Modifying agency DLC
042 ## - AUTHENTICATION CODE
Authentication code premarc
043 ## - GEOGRAPHIC AREA CODE
Geographic area code aw-----
-- ff-----
050 00 - LIBRARY OF CONGRESS CALL NUMBER
Classification number D198.3
Item number .M78 1960z
100 0# - MAIN ENTRY--PERSONAL NAME
Personal name Muḥammad ibn Ḥabīb,
Dates associated with a name -860.
245 10 - TITLE STATEMENT
Title Kitāb al-muḥabbar,
Statement of responsibility, etc. li-Abī Jaʻfar Muḥammad ibn Ḥabīb ibn Ummīyah ibn ʻAmr al-Hāshimī al-Baghdādī. Wa-qad iʻtanat bi-taṣḥīḥ hādhā al-kitāb Īlzah Līkhtanshtaytar.
260 ## - PUBLICATION, DISTRIBUTION, ETC.
Place of publication, distribution, etc. Bayrūt,
Name of publisher, distributor, etc. al-Maktab al-Tijārī lil-Ṭibāʻah wa-al-Nashr wa-al-Tawzīʻ
Date of publication, distribution, etc. [196-?]
300 ## - PHYSICAL DESCRIPTION
Extent 6, 752 p.
Other physical details facsim.
Dimensions 25 cm.
440 #0 - SERIES STATEMENT/ADDED ENTRY--TITLE
Title Dhakhāʼir al-turāth al-ʻArabī
500 ## - GENERAL NOTE
General note Cover title: Kitāb al-muḥabbir [taʼlīf] Abī Jaʻfar Muḥammed iben Ḥabīb.
504 ## - BIBLIOGRAPHY, ETC. NOTE
Bibliography, etc. note Bibliographical footnotes.
651 #0 - SUBJECT ADDED ENTRY--GEOGRAPHIC NAME
Geographic name Islamic Empire
Form subdivision Biography.
650 #0 - SUBJECT ADDED ENTRY--TOPICAL TERM
Topical term or geographic name entry element Arabs
Form subdivision Biography.
700 1# - ADDED ENTRY--PERSONAL NAME
Personal name Lichtenstadter, Ilse,
Dates associated with a name 1907-
Relator term ed.
740 0# - ADDED ENTRY--UNCONTROLLED RELATED/ANALYTICAL TITLE
Uncontrolled related/analytical title Muḥabbar.

No items available.

Powered by Koha